000 00350nab a22001337 4500
003 ES-SlBCS
005 20220321142351.0
008 220321s2022 sp ||||| |||| 00| 0 spa d
040 _aES-SlBCS
_bspa
041 _aspa
245 1 0 _aNuestra misión y visión
773 0 _gNúm. 394, 2022, págs. 5-8
_tConcilium
_wRev134
_x0210-1041
942 _2lcc
_cAR
999 _c879410
_d879410